<?xml version="1.0" encoding="UTF-8"?>
<record
    xmlns:xsi="http://www.w3.org/2001/XMLSchema-instance"
    xsi:schemaLocation="http://www.loc.gov/MARC21/slim http://www.loc.gov/standards/marcxml/schema/MARC21slim.xsd"
    xmlns="http://www.loc.gov/MARC21/slim">

  <leader>01328nam a22001577a 4500</leader>
  <datafield tag="999" ind1=" " ind2=" ">
    <subfield code="c">514651</subfield>
    <subfield code="d">514651</subfield>
  </datafield>
  <controlfield tag="008">201125b           ||||| |||| 00| 0 eng d</controlfield>
  <datafield tag="100" ind1=" " ind2=" ">
    <subfield code="a">Mele, Agelo. </subfield>
    <subfield code="9">21453</subfield>
  </datafield>
  <datafield tag="245" ind1=" " ind2=" ">
    <subfield code="a">Does school desegregation promote diverse interactions? an equilibrium model of segregation within schools   </subfield>
  </datafield>
  <datafield tag="260" ind1=" " ind2=" ">
    <subfield code="a">American Economic Journal: Economic Policy</subfield>
  </datafield>
  <datafield tag="300" ind1=" " ind2=" ">
    <subfield code="a">12(2), May, 2020: p.228-257</subfield>
  </datafield>
  <datafield tag="520" ind1=" " ind2=" ">
    <subfield code="a">This paper studies racial segregation in schools using data on student friendships from Add Health. I estimate an equilibrium model of friendship formation, with preferences allowing both homophily and heterophily in direct and indirect ties. I find that homophily goes beyond direct links: students also prefer racially homogeneous indirect friends, while there is heterophily in income. I simulate policies reallocating students across schools. Race-based policies have nonlinear effects on within-school segregation and other network features such as clustering and centrality. Policies increasing diversity through reallocations based on income have less impact on racial segregation. &#x2013; Reproduced </subfield>
  </datafield>
  <datafield tag="650" ind1=" " ind2=" ">
    <subfield code="a">Economics of Minorities, Races, Indigenous Peoples, and Immigrants; Non-labor Discrimination</subfield>
    <subfield code="9">21454</subfield>
  </datafield>
  <datafield tag="773" ind1=" " ind2=" ">
    <subfield code="a">American Economic Journal: Economic Policy</subfield>
  </datafield>
  <datafield tag="906" ind1=" " ind2=" ">
    <subfield code="a">EDUCATION - ANALYSIS</subfield>
  </datafield>
  <datafield tag="942" ind1=" " ind2=" ">
    <subfield code="c">AR</subfield>
  </datafield>
  <datafield tag="952" ind1=" " ind2=" ">
    <subfield code="0">0</subfield>
    <subfield code="1">0</subfield>
    <subfield code="2">ddc</subfield>
    <subfield code="4">0</subfield>
    <subfield code="7">0</subfield>
    <subfield code="9">388654</subfield>
    <subfield code="a">IIPA</subfield>
    <subfield code="b">IIPA</subfield>
    <subfield code="d">2020-11-25</subfield>
    <subfield code="h">12(2), May, 2020: p.228-257</subfield>
    <subfield code="p">AR124134</subfield>
    <subfield code="r">2020-11-25</subfield>
    <subfield code="y">AR</subfield>
  </datafield>
</record>
